| 000 | 00695nam a2200205Ia 4500 | ||
|---|---|---|---|
| 003 | Ost | ||
| 005 | 20260507075641.0 | ||
| 008 | 260507s9999||||xx |||||||||||||| ||und|| | ||
| 040 | _cfsecg | ||
| 041 | _aara | ||
| 082 | _a330 | ||
| 100 |
_aمحمد مبارك، عبد النعيم _eمؤلف |
||
| 245 | 0 |
_aمبادئ علم الإقتصاد / _c عبد النعيم محمد مبارك |
|
| 260 |
_aالإسكندرية: _bمكتبة المالية والإقتصادية, _c1997 |
||
| 300 |
_a596 صفحة؛ _bإيضاحات ؛ _c24 سم |
||
| 653 | _aالتحليل الإقتصادي | ||
| 653 | _aالنقود والبنوك | ||
| 653 | _aعلم الإقتصاد | ||
| 942 | _cكتاب | ||
| 999 |
_c45402 _d45402 |
||